Score 0/24 Timer 05:00
0 Plays Today
Category Peril % Correct
HousewaresKnives
81.8%
Structure in the homeStairs
69.6%
Home furnishingChair
66.8%
ToolHammer
61.8%
Structure in the homeDoor
59.3%
Home furnishingBed
58.6%
Home furnishingTable
57.1%
RecreationTelevision
56.8%
HousewaresTableware
54.6%
Structure in the homeCeilings and walls
48.6%
ToolSaw
46.8%
Structure in the homeFloor
45.4%
Category Peril % Correct
Garden equipmentLawnmower
43.6%
HousewareDrinking glass
40.4%
RecreationSwimming pool
28.2%
Home furnishingCabinets, racks, and shelves
20.7%
RecreationPlayground equipment
16.4%
RecreationTrampoline
14.3%
RecreationBicycle
13.6%
Personal use itemFootwear
6.4%
RecreationSkateboard
6.4%
HousewaresContainer
5%
Personal use itemWheelchair
1.4%
Personal use itemJewelry
0.7%
Remove Ads.
Support Sporcle.
Get the best of Sporcle when you Go Orange. This ad-free experience offers more features, more stats, and more fun while also helping to support Sporcle. Thank you for becoming a member.

You're not logged in!

Compare scores with friends on all Sporcle quizzes.
OR
Log In

Show Comments

Extras

Top Quizzes Today


Score Distribution

Your Account Isn't Verified!

In order to create a playlist on Sporcle, you need to verify the email address you used during registration. Go to your Sporcle Settings to finish the process.

Report this User

Report this user for behavior that violates our Community Guidelines.

Details: